Sabiduría filosófica del Yawar Mayu : (Record no. 23436)

000 -CABECERA
fixed length control field 01346nam a22003137a 4500
003 - IDENTIFICADOR DEL NÚMERO DE CONTROL
control field AR-CdUCM
008 - DATOS DE LONGITUD FIJA--INFORMACIÓN GENERAL
fixed length control field 260108b2024 pe ||||| |||| 00| 0 spa d
020 ## - NÚMERO INTERNACIONAL ESTÁNDAR DEL LIBRO
ISBN 978-612-4236-48-8
040 ## - FUENTE DE LA CATALOGACIÓN
Agencia/entidad que catalogó originalmente la obra MUNICIPALIDAD PROVINCIAL DEL CUSCO
Entidad que transcribió la catalogación BIBLIOTECA MUNICIPAL DEL CUSCO
082 ## - NÚMERO DE LA CLASIFICACIÓN DECIMAL DEWEY
No. de Clasificación 306.6 /
Notacion interna C513
100 ## - ENTRADA PRINCIPAL--NOMBRE DE PERSONA
Nombre Personal Chacón Málaga, Hugo.
245 ## - MENCIÓN DE TÍTULO
Título Sabiduría filosófica del Yawar Mayu :
260 ## - PUBLICACIÓN, DISTRIBUCIÓN, ETC.
Lugar de publicación, distribución, etc. Cusco
Nombre de la editorial, distribuidor, etc. Universidad Nacional San Antonio Abad del Cusco.
Fecha de publicación, distribución, etc. 2024
300 ## - DESCRIPCIÓN FÍSICA
Nº de Páginas Extensión 341 Páginas. :
Dimensiones 17 x 24cm.
505 ## - NOTA DE CONTENIDO CON FORMATO
Nota de contenido formateada Pasado y presente -- Bases de interpretación de la civilización andina -- Espacio-tiempo helicoide -- Rostros y permanencia del espacio-tiempo -- Mito y magia -- Nuevo orden civilizatorio -- Orientaciones ideológicas -- El modelo de desarrollo -- Aspectos programáticos -- Sabiduría del Yawar Mayu....
650 ## - PUNTO DE ACCESO ADICIONAL DE MATERIA--TÉRMINO DE MATERIA
Descriptor Antagonismo en nuestra sociedad
9 (RLIN) 51948
650 ## - PUNTO DE ACCESO ADICIONAL DE MATERIA--TÉRMINO DE MATERIA
Descriptor El pensamiento mítico
9 (RLIN) 51949
650 ## - PUNTO DE ACCESO ADICIONAL DE MATERIA--TÉRMINO DE MATERIA
Descriptor La pluralidad cultural
9 (RLIN) 51950
650 ## - PUNTO DE ACCESO ADICIONAL DE MATERIA--TÉRMINO DE MATERIA
Descriptor La constelación Qollqa
9 (RLIN) 51951
650 ## - PUNTO DE ACCESO ADICIONAL DE MATERIA--TÉRMINO DE MATERIA
Descriptor El presente extenso
9 (RLIN) 51952
650 ## - PUNTO DE ACCESO ADICIONAL DE MATERIA--TÉRMINO DE MATERIA
Descriptor El relato del Qoricancha
9 (RLIN) 51953
650 ## - PUNTO DE ACCESO ADICIONAL DE MATERIA--TÉRMINO DE MATERIA
Descriptor Los Ceques
9 (RLIN) 51954
650 ## - PUNTO DE ACCESO ADICIONAL DE MATERIA--TÉRMINO DE MATERIA
Descriptor Las expropiaciones de occidente
9 (RLIN) 51955
650 ## - PUNTO DE ACCESO ADICIONAL DE MATERIA--TÉRMINO DE MATERIA
Descriptor Yawar Mayu
9 (RLIN) 51956
856 ## - LOCALIZACIÓN Y ACCESO ELECTRÓNICOS
Dirección electrónica www.unsaac.edu.pe
942 ## - ELEMENTOS DE PUNTO DE ACCESO ADICIONAL (KOHA)
Fuente de clasificación
Tipo de item Libros-BMC
945 ## - PROCESAMIENTO DE INFORMACIÓN LOCAL (OCLC)
Catalogador jmcs
AAAA-MM-DD - Fecha de ingreso o modificacion 31/12/2025
Holdings
Estado de retiro (separado) Fuente de clasificación o esquema de estanterías Estado dañado Ubicación Sala donde se ubica Nombre de la colección Fecha de adquisición o compra Fuente de adquisición Costo, precio normal en soles Signatura topográfica Código de Barras Última vez visto (Koha) Tipo de ítem (Koha)
No     Sala Humanidades Sala Humanidades Book Cart 2026-01-08 Donación 35.00 306.6 / C513 SH0000017025 2026-01-08 Libros-BMC

Powered by Koha